Historical dictionary of Medieval China /
"This second edition of Historical Dictionary of Medieval China contains a chronology, an introduction, and an extensive bibliography. The dictionary section has more than 1000 cross-referenced entries on historical figures. It expands on existing thematic entries, and adds a number of new ones...
Saved in:
| Main Author: | |
|---|---|
| Format: | Book |
| Language: | English |
| Published: |
Lanham, Maryland :
Rowman & Littlefield,
[2017]
|
| Edition: | Second edition. |
| Series: | Historical dictionaries of ancient civilizations and historical eras.
|
| Subjects: | |
| Tags: |
Add Tag
No Tags, Be the first to tag this record!
|
| LEADER | 02547pam a2200469 i 4500 | ||
|---|---|---|---|
| 001 | 015013473-8 | ||
| 005 | 20170516224814.0 | ||
| 008 | 160719s2017 mdub bd 000 0 eng | ||
| 010 | |a 2016033421 | ||
| 020 | |a 9781442276154 |q hardcover ; |q alkaline paper | ||
| 020 | |a 1442276150 |q hardcover ; |q alkaline paper | ||
| 035 | 0 | |a ocn953823278 | |
| 035 | |a (YBPMetadataService)40027131528 | ||
| 040 | |a DLC |b eng |e rda |c DLC |d OCLCF |d OCLCQ |d NhCcYBP | ||
| 042 | |a pcc | ||
| 043 | |a a-cc--- | ||
| 050 | 0 | 0 | |a DS748.17 |b .X58 2017 |
| 082 | 0 | 0 | |a 951/.0103 |2 23 |
| 100 | 1 | |a Xiong, Victor Cunrui, |e author. | |
| 245 | 1 | 0 | |a Historical dictionary of Medieval China / |c Victor Cunrui Xiong. |
| 250 | |a Second edition. | ||
| 264 | 1 | |a Lanham, Maryland : |b Rowman & Littlefield, |c [2017] | |
| 300 | |a 2 volumes (cxiv, 891 pages) ; |c 24 cm. | ||
| 336 | |a text |b txt |2 rdacontent | ||
| 337 | |a unmediated |b n |2 rdamedia | ||
| 338 | |a volume |b nc |2 rdacarrier | ||
| 490 | 1 | |a Historical dictionaries of ancient civilizations and historical eras | |
| 504 | |a Includes bibliographical references. | ||
| 520 | |a "This second edition of Historical Dictionary of Medieval China contains a chronology, an introduction, and an extensive bibliography. The dictionary section has more than 1000 cross-referenced entries on historical figures. It expands on existing thematic entries, and adds a number of new ones with substantial content, including those on nobility, art, architecture, archaeology, economy, agriculture, money, population, cities, literature, historiography, military, religion, Persia, India, Japan, Korea, Arabs, and Byzantium, among others. This book is an excellent resource for students, researchers, and anyone wanting to know more about medieval China."--Provided by publisher. | ||
| 651 | 0 | |a China |x History |y 220-589 |v Dictionaries. | |
| 651 | 0 | |a China |x History |y Sui dynasty, 581-618 |v Dictionaries. | |
| 651 | 0 | |a China |x History |y Tang dynasty, 618-907 |v Dictionaries. | |
| 650 | 7 | |a Tang Dynasty (China) |2 fast |0 (OCoLC)fst01696781 | |
| 651 | 7 | |a China. |2 fast |0 (OCoLC)fst01206073 | |
| 648 | 7 | |a 220-907 |2 fast | |
| 655 | 7 | |a Dictionaries. |2 fast |0 (OCoLC)fst01423826 | |
| 655 | 7 | |a History. |2 fast |0 (OCoLC)fst01411628 | |
| 776 | 0 | 8 | |i Online version: |a Xiong, Victor Cunrui. |t Historical dictionary of medieval China. |b Second edition. |d Lanham, MD : Rowman & Littlefield, [2016] |z 9781442276161 |w (DLC) 2016033694 |
| 830 | 0 | |a Historical dictionaries of ancient civilizations and historical eras. | |
| 899 | |a 415_566010 | ||
| 988 | |a 20170516 | ||
| 906 | |0 DLC | ||


